书目信息 |
| 题名: |
MATLAB图像处理
|
|
| 作者: | 赵小川 编著 | |
| 分册: | 程序实现与模块化仿真 | |
| 出版信息: | 北京 北京航空航天大学出版社 2014 |
|
| 页数: | 314页 | |
| 开本: | 24cm | |
| 丛书名: | ||
| 单 册: | ||
| 中图分类: | TN911.73 | |
| 科图分类: | ||
| 主题词: | Matlab软件--应用--数字图象处理 | |
| 电子资源: | ||
| ISBN: | 978-7-5124-1288-0 | |
| 000 | 00845nam0 2200241 450 | |
| 001 | 012015000839 | |
| 005 | 20150914104652.12 | |
| 010 | @a978-7-5124-1288-0@dCNY45.00 | |
| 100 | @a20140508d2014 em y0chiy50 ea | |
| 101 | 0 | @achi |
| 102 | @aCN@b110000 | |
| 105 | @aa z 000yy | |
| 106 | @ar | |
| 200 | 1 | @aMATLAB图像处理@AMATLAB tu xiang chu li@i程序实现与模块化仿真@f赵小川编著 |
| 210 | @a北京@c北京航空航天大学出版社@d2014 | |
| 215 | @a314页@d24cm | |
| 300 | @a学以致用 | |
| 330 | @a本书共8章,内容包括:MATLAB数字图像/视频处理技术基础、数字图像转换、数字图像分析、图像特征提取、视频图像运动估计与跟踪、图像压缩编码、双目立体视觉、应用案例详解。 | |
| 606 | 0 | @aMatlab软件@x应用@x数字图象处理 |
| 690 | @aTN911.73@v5 | |
| 701 | 0 | @a赵小川@Azhao xiao chuan@4编著 |
| 801 | 0 | @aCN@b碧洲教育@c20150718 |
| 905 | @a10447@f4@dTN911.73@e143 | |
| MATLAB图像处理.程序实现与模块化仿真/赵小川编著.-北京:北京航空航天大学出版社,2014 |
| 314页;24cm |
| 学以致用 |
| ISBN 978-7-5124-1288-0:CNY45.00 |
| 本书共8章,内容包括:MATLAB数字图像/视频处理技术基础、数字图像转换、数字图像分析、图像特征提取、视频图像运动估计与跟踪、图像压缩编码、双目立体视觉、应用案例详解。 |
| ● |
| 相关链接 |
|
|
|
|
正题名:MATLAB图像处理
索取号:TN911.73/143
 
预约/预借
| 序号 | 登录号 | 条形码 | 馆藏地/架位号 | 状态 | 备注 |
| 1 | 0847835 | 208478351 | 第二样本阅览室/ [索取号:TN911.73/143] | 在馆 | |
| 2 | 0847836 | 208478360 | 第三借阅区/ [索取号:TN911.73/143] | 在馆 | |
| 3 | 0847837 | 208478379 | 第三借阅区/ [索取号:TN911.73/143] | 在馆 | |
| 4 | 0847838 | 208478388 | 密集书库—计算机科学学院/ [索取号:TN911.73/143] | 在馆 |